<La> violencia contra las mujeres : (Record no. 18900)

MARC details
000 -LEADER
campo de control de longitud fija 01169nam a2200313Ia 4500
001 - NÚMERO DE CONTROL
campo de control 008906
008 - DATOS DE LONGITUD FIJA--INFORMACIÓN GENERAL
campo de control de longitud fija 221003m2001 xx 000 0 spa d
035 ## - NÚMERO DE CONTROL DEL SISTEMA
Número de control de sistema CENDO_18901
041 ## - CÓDIGO DE IDIOMA
Código de lengua del texto/banda sonora o título independiente spa
084 ## - OTRO NÚMERO DE CLASIFICACIÓN
Número de clasificación MU-00057-00035
111 2# - ENTRADA PRINCIPAL--NOMBRE DE CONGRESO/REUNIÓN
Nombre de congreso/reunión o jurisdicción como elemento de entrada DIA INTERNACIONAL DE LA ELIMINACION DE LA VIOLENCIA CONTRA LA MUJER
Fecha del congreso o de la firma del tratado 2001
9 (RLIN) 18866
245 #0 - MENCIÓN DEL TÍTULO
Título <La> violencia contra las mujeres :
Resto del título <un> problema social : [resolución del 25 de noviembre Día Internacional para la Eliminación de la Violencia contra la Mujer 2001] /
Mención de responsabilidad, etc. Confederación Sindical de CCOO
260 ## - PUBLICACIÓN, DISTRIBUCIÓN, ETC.
Lugar de publicación, distribución, etc. [S.l.] :
Nombre del editor, distribuidor, etc. Confederación Sindical de CCOO,
Fecha de publicación, distribución, etc. 2001
300 ## - DESCRIPCIÓN FÍSICA
Extensión 2 p.
650 ## - PUNTO DE ACCESO ADICIONAL DE MATERIA--TÉRMINO DE MATERIA
Término de materia o nombre geográfico como elemento de entrada MUJERES
9 (RLIN) 199
650 #0 - PUNTO DE ACCESO ADICIONAL DE MATERIA--TÉRMINO DE MATERIA
Término de materia o nombre geográfico como elemento de entrada VIOLENCIA
9 (RLIN) 2442
650 #0 - PUNTO DE ACCESO ADICIONAL DE MATERIA--TÉRMINO DE MATERIA
Término de materia o nombre geográfico como elemento de entrada IGUALDAD DE OPORTUNIDADES
9 (RLIN) 590
650 #0 - PUNTO DE ACCESO ADICIONAL DE MATERIA--TÉRMINO DE MATERIA
Término de materia o nombre geográfico como elemento de entrada DIA INTERNACIONAL DE LA ELIMINACION DE LA VIOLENCIA CONTRA LA MUJER
9 (RLIN) 10927
650 #0 - PUNTO DE ACCESO ADICIONAL DE MATERIA--TÉRMINO DE MATERIA
Término de materia o nombre geográfico como elemento de entrada ACTITUD SINDICAL
9 (RLIN) 61
650 ## - PUNTO DE ACCESO ADICIONAL DE MATERIA--TÉRMINO DE MATERIA
Término de materia o nombre geográfico como elemento de entrada CCOO
9 (RLIN) 60
710 2# - ENTRADA AGREGADA--NOMBRE DE ENTIDAD CORPORATIVA
Nombre de entidad corporativa o nombre de jurisdicción como elemento de entrada CCOO
Unidad subordinada Confederación Sindical
-- Secretaría de la Mujer
9 (RLIN) 398
856 ## - LOCALIZACIÓN Y ACCESO ELECTRÓNICOS
Nota pública PDF
Identificador Uniforme de Recursos <a href="http://docpublicos.ccoo.es/cendoc/008906Resolucion25deNoviembre2001.pdf">http://docpublicos.ccoo.es/cendoc/008906Resolucion25deNoviembre2001.pdf</a>
901 ## - ELEMENTOS DE DATOS A LOCAL LDA (RLIN)
a 2
903 ## - ELEMENTOS DE DATOS C LOCAL, LDC (RLIN)
a NO
904 ## - ELEMENTOS DE DATOS D LOCAL, LDD (RLIN)
a 000
910 ## - DATOS DE OPCIÓN DEL USUARIO (OCLC)
Datos de opción del usuario 2001
942 ## - ELEMENTOS DE ENTRADA SECUNDARIOS (KOHA)
Tipo de ítem Koha Documento Electrónico
Fuente del sistema de clasificación o colocación Clasificación Decimal Dewey
Holdings
Estatus retirado Estado de pérdida Estado de daño No para préstamo Biblioteca de origen Biblioteca actual Fecha de adquisición Total de préstamos Signatura topográfica completa Código de barras Visto por última vez Precio de reemplazo Tipo de ítem Koha
        CENDO CENDO 14/07/2010   MU-00057-00035 CENDO_18901 05/10/2022 05/10/2022 Documento Electrónico